Atletico Madryt skład 20/21 - Statystyki

Ogólne statystyki
  • Ten quiz został rozwiązany 107 razy
  • Średni wynik to 14 z 22
Statystyki odpowiedzi
Pozycja Zawodnik % Poprawnych
Bramkarz Oblak
100%
Pomocnik Koke
93%
Obrońca Gimenez
91%
Napastnik Felix
88%
Napastnik Suarez
88%
Pomocnik Saul
83%
Obrońca Savic
77%
Napastnik Llorente
75%
Obrońca Lodi
75%
Obrońca Hermoso
67%
Napastnik Carrasco
65%
Napastnik Correa
64%
Obrońca Trippier
64%
Pomocnik Lemar
59%
Obrońca Felipe
52%
Bramkarz Grbic
47%
Pomocnik Kondogbia
43%
Obrońca Vrsaljko
41%
Pomocnik Herrera
39%
Pomocnik Torreira
27%
Napastnik Dembele
25%
Napastnik Vitolo
18%
Nie znaleziono quizów pasujących do podanych kryteriów
Rozkład punktacji
Procent ludzi z każdym wynikiem
Percentyl według liczby udzielonych odpowiedzi
Twoja historia wyników
Nie rozwiązałeś tego quizu